Mujeres artistas / (Registro nro. 30666)

Detalles MARC
000 -LEADER
fixed length control field 00255nam a22000977a 4500
008 - FIXED-LENGTH DATA ELEMENTS--GENERAL INFORMATION
fixed length control field 240220b |||||||| |||| 00| 0 eng d
082 ## - DEWEY DECIMAL CLASSIFICATION NUMBER
Classification number 920.72
Item number F74m
100 10 - MAIN ENTRY--PERSONAL NAME
Personal name Frigeri, Flavia
Relator term autor
9 (RLIN) 43468
245 ## - TITLE STATEMENT
Title Mujeres artistas /
Statement of responsibility, etc. Flavia Frigeri
942 ## - ADDED ENTRY ELEMENTS (KOHA)
Source of classification or shelving scheme Dewey Decimal Classification
Existencias
Withdrawn status Lost status Source of classification or shelving scheme Damaged status Not for loan Home library Current library Shelving location Date acquired Total Checkouts Full call number Barcode Date last seen Date last checked out Copy number Price effective from Koha item type Public note
    Dewey Decimal Classification     Biblored Biblioteca Pública José María del Castillo y Rada General Stacks 02/16/2024 1 920.72 F74m 00000014138614 04/09/2024 04/09/2024 Ej.1 02/20/2024 Books Material Interbibliotecario BibloRed